| 000 | 00479fam a2200169 a 4500 | ||
|---|---|---|---|
| 020 | _a9780072319378 | ||
| 050 | 0 | 0 |
_aHG4026 _b.R67 2000 |
| 100 | 1 | _aRoss, Stephen A. | |
| 245 | 1 | 0 |
_aCorporate finance / _cStephen A. Ross, Randolph W. Westerfield, Jeffrey Jaffe. |
| 250 | _a5th ed. | ||
| 260 |
_aBoston : _bIrwin/McGraw-Hill, _c2000 |
||
| 300 | _axxvii, 799, 15 p. : | ||
| 650 | 0 | _xFinance. | |
| 700 | 1 | _aWesterfield, Randolph. | |
| 700 | 1 | _aJaffe, Jeffrey F., | |
| 942 |
_2lcc _cGEN |
||
| 999 |
_c9167 _d9167 |
||